Statistics for Liverpool FC Squad 2017-2018

Click here to take the quiz!

General Stats

  • This quiz has been taken 3,603 times
  • The average score is 23 of 32

Answer Stats

NbrPostNationalityPlayer% Correct
11FWEgyptMohamed Salah
98%
19FWSenegalSadio Mane
97%
9FWBrazilRoberto Firmino
96%
14MFEnglandJordan Henderson
95%
1GKGermanyLoris Karius
94%
6DFCroatiaDejan Lovren
92%
7MFEnglandJames Milner
90%
26DFScotlandAndy Robertson
88%
66DFEnglandTrent Alexander-Arnold
86%
22GKBelgiumSimon Mignolet
86%
-CoachGermanyJürgen Klopp
85%
10MFBrazilPhilippe Coutinho
85%
5MFNetherlandsGeorginio Wijnaldum
84%
32DFCameroonJoel Matip
82%
18DFSpainAlberto Moreno
79%
2DFEnglandNathaniel Clyne
78%
12DFEnglandJoe Gomez
78%
15FWEnglandDaniel Sturridge
77%
23MFGermanyEmre Can
77%
20MFEnglandAdam Lallana
76%
17DFEstoniaRagnar Klavan
73%
21MFEnglandAlex Oxlade-Chamberlain
67%
16MFSerbiaMarko Grujic
55%
58FWWalesBen Woodburn
53%
50MFSerbiaLazar Markovic
49%
28FWEnglandDanny Ings
49%
29FWEnglandDominic Solanke
49%
34GKHungaryAdam Bogdan
48%
52GKWalesDanny Ward
43%
59MFWalesHarry Wilson
42%
38DFEnglandJon Flanagan
24%
53MFEnglandOvie Ejaria
17%

Score Distribution

Percentile by Number Answered

Percent of People with Each Score

Your Score History

You have not taken this quiz